[Event "XX Sant Marti Open 2018"]
[Site "Sant Marti"]
[Date "2018.07.15"]
[Round "3"]
[White "Vidarte Morales, Arturo"]
[Black "Munoz, Miguel"]
[Result "1/2-1/2"]
[WhiteElo "2381"]
[BlackElo "2500"]
[Annotator "TA"]
[PlyCount "33"]
[EventDate "2018.07.13"]
[EventType "swiss"]
[EventCountry "ESP"]
[SourceTitle "playchess.com"]
[Source "ChessBase"]
[SourceQuality "1"]

{[%evp 20,25,50,32,61,59,81,73]} 1. c4 Nf6 2. Nc3 g6 3. e4 d6 4. d4 Bg7 5. Nge2 Nc6 6. f3 O-O 7. Be3 a6 8. Qd2 Rb8 9. Rb1 e5 {E84: King's Indian: Sämisch Panno: 7 Nge2 a6 8 Qd2 Rb8} (9... b5 10. cxb5 axb5 11. b4 Re8 12. d5 Ne5 13. Nd4 Bd7 14. Be2 e6 15. O-O exd5 16. exd5 Nh5 17. Rfe1 Qh4 18. Rbd1 Nc4 19. Bxc4 bxc4 {1-0 (40) Morozevich,A (2770)-Mamedyarov,S (2726) Astana 2012}) 10. d5 Ne7 11. Ng3 {LiveBook: 8 Games} h5 12. Bd3 Nh7 13. O-O {[#]} {Predecessor:} h4 $146 14. Nh1 f5 15. exf5 gxf5 16. f4 Ng6 17. Ne2 {½-½ (44) Wang,R (2474)-Zhou,J (2516) Beijing 2005} 1/2-1/2

[Event "XX Sant Marti Open 2018"]
[Site "Sant Marti"]
[Date "2018.07.15"]
[Round "3"]
[White "Mitrabha, Guha"]
[Black "Cori Quispe, Kevin Joel"]
[Result "1-0"]
[WhiteElo "2299"]
[BlackElo "2487"]
[Annotator "TA"]
[PlyCount "191"]
[EventDate "2018.07.13"]
[EventType "swiss"]
[EventCountry "ESP"]
[SourceTitle "playchess.com"]
[Source "ChessBase"]
[SourceQuality "1"]

{[%evp 17,191,0,9,8,7,-47,-53,-56,-35,-35,-37,-72,-83,-68,-60,-59,-47,-51,-51,-46,-51,-47,-47,-47,-50,-54,-34,-65,-29,-31,0,0,7,0,10,21,8,0,0,4,0,6,18,29,132,123,136,133,208,218,197,202,213,203,202,122,121,114,129,94,141,138,116,116,154,153,145,113,154,154,154,154,138,121,128,90,90,68,90,90,90,90,90,0,90,90,90,90,90,90,90,90,90,90,101,90,90,10,10,0,0,0,43,0,43,8,43,0,43,43,43,43,90,0,0,0,8,0,8,8,8,8,8,0,0,0,8,8,8,8,8,0,0,8,8,8,90,90,90,90,90,90,90,0,90,90,90,0,0,0,0,0,0,0,0,0,0,0,0,0,0,0,8,8,1329,1329,1322,1314,1314,1271,1271,1271,1195,1195,898,735]} 1. d4 Nf6 2. Nf3 g6 3. Nbd2 d5 4. b4 (4. e3 Nc6 5. b3 Bg7 6. Bb2 O-O 7. Be2 a5 8. a3 b6 9. O-O e6 10. c4 Ne7 11. cxd5 exd5 {½-½ (38) So,W (2792)-Svidler,P (2768) Wijk aan Zee 2018}) 4... a5 5. b5 Bg7 6. e3 {D02: Damenbauernspiele} c5 7. bxc6 Nxc6 8. Bb5 O-O 9. O-O Bf5 {LiveBook: 4 Partien} 10. Bxc6 bxc6 11. Nb3 $146 (11. Ba3 $11) ({Vorgänger:} 11. Ne5 c5 12. Ba3 Rc8 13. Bxc5 Rxc5 14. dxc5 {1-0 (54) Sandipan,C (2595)-Rombaldoni,A (2464) Cappelle-la-Grande 2012}) 11... Ne4 12. Ba3 Nc3 13. Qd2 Nb5 {[%cal Bc3b5,Bb5d6,Bd6c4][%mdl 32]} 14. Bc1 a4 15. Nc5 Nd6 16. Qd1 Re8 17. Ba3 Nc4 18. Bb4 Bg4 19. h3 Bxf3 20. Qxf3 e5 21. dxe5 Bxe5 22. Rab1 Bg7 23. e4 dxe4 24. Nxe4 Qh4 25. Rfe1 f5 26. Nc5 {[%cal Be4c5,Bc5a6,Ba6b4][%mdl 32]} Ne5 27. Qe2 Bf8 28. Na6 {Droht Lxf8 und aus.} Bxb4 29. Nxb4 Rad8 30. Qf1 Re7 {[#]} (30... Qf6 $11 {bleibt in der Remisbreite.}) 31. Rxe5 $1 $16 {[%mdl 512]} Rxe5 32. Nxc6 Rc5 (32... Rde8 $16) 33. Nxd8 $18 Qxd8 {[%mdl 4096] Endspiel KDT-KDT} 34. Qa6 $1 Qc8 35. Qa7 Rc7 36. Rb8 Rxa7 37. Rxc8+ $16 {KT-KT} Kf7 38. Rc4 Ke6 39. a3 $1 Kd5 40. Rb4 Rc7 41. Rxa4 Rxc2 42. Ra7 Ra2 43. g3 Ke5 44. Kg2 Kf6 45. Kf3 h6 46. Ra6+ Kg5 47. Ke3 Kh5 48. Ra5 Kg5 49. Kf3 Ra1 50. Ra6 Ra2 $1 51. Kg2 Kh5 52. Ra8 Kg5 53. Ra4 Ra1 54. Ra6 Ra2 55. Ra5 Ra1 56. h4+ Kh5 57. Kf3 (57. a4 $16) 57... Ra2 $11 58. Ke3 Kg4 59. Ra4+ Kh5 60. Ra6 Ra1 61. Kf4 Rf1 62. Ke3 Ra1 63. Kf3 Ra2 64. Ra5 Ra1 65. Kf4 ({Besser ist} 65. Kg2 $16) 65... Ra2 66. f3 Ra1 67. Ra6 Rf1 68. Ke3 Re1+ 69. Kf2 Ra1 70. Ra5 Ra2+ 71. Ke3 Ra1 72. Ra8 Re1+ 73. Kf2 Ra1 74. Ra6 Ra2+ 75. Ke3 Ra1 76. Ra5 Re1+ (76... Ra2 $11 {hält das Gleichgewicht.}) 77. Kf2 $1 $16 {[%cal Rf2e1]} Ra1 {[#]} 78. Kg2 $1 Rb1 79. Rc5 Ra1 80. Ra5 Rb1 81. a4 Ra1 82. Ra8 (82. Rb5 $16) 82... Ra2+ $11 83. Kh3 {Weiss will mit g4+ Matt setzen.} Ra3 84. Kg2 (84. f4 {looks sharper.} Ra1 85. Ra6 Rh1+ 86. Kg2 Ra1 87. a5) 84... Ra2+ 85. Kf1 Ra3 86. Kf2 Ra2+ 87. Kf1 Ra1+ 88. Kg2 Ra2+ 89. Kh3 {Droht Matt per g4+.} Ra3 90. f4 {Schwarz muss nun Ta5 beachten.} Ra2 $2 {[%mdl 8192] [#]} (90... Ra1 $11) 91. Ra5 $1 $18 {[%csl Gh3][%cal Rg3g4] Weiß steht klar auf Gewinn.} Ra3 92. Rd5 Rb3 93. a5 {[%cal Ba4a5,Ba5a6][%mdl 32]} Ra3 {[#]} 94. a6 $1 {[%mdl 512]} g5 (94... Rxa6 95. g4#) 95. hxg5 hxg5 96. Rxf5 {Precision: Weiß = 62%, Schwarz = 63%.} 1-0

[Event "XX Sant Marti Open 2018"]
[Site "Sant Marti"]
[Date "2018.07.15"]
[Round "3"]
[White "Navarro Lopez-Menchero, Daniel"]
[Black "Aguero Jimenez, Luis Lazaro"]
[Result "0-1"]
[WhiteElo "2297"]
[BlackElo "2473"]
[Annotator "TA"]
[PlyCount "34"]
[EventDate "2018.07.13"]
[EventType "swiss"]
[EventCountry "ESP"]
[SourceTitle "playchess.com"]
[Source "ChessBase"]
[SourceQuality "1"]

{[%evp 14,34,9,14,27,-9,20,12,27,10,12,-10,0,15,13,14,2,-11,25,-56,-63,-91,-93]} 1. e4 e5 2. Nf3 Nc6 3. Bc4 Bc5 4. O-O Nf6 5. d3 d6 6. c3 O-O 7. a4 a5 8. h3 {LiveBook: 17 Games. C54: Giuoco Piano: 4 c3 Nf6, main lines with 5 d4 and 5 d3} (8. Na3 Be6 9. Bxe6 fxe6 10. Nc2 Qe8 11. Be3 Bxe3 12. Nxe3 Rd8 13. Qe2 d5 14. Rfe1 Qg6 15. Nf1 Nh5 {½-½ (38) Anand,V (2782)-Ding,L (2777) Riadh 2017}) 8... Ba7 9. Qb3 $146 ({Predecessor:} 9. Re1 Ne7 10. Nbd2 Ng6 11. d4 exd4 12. cxd4 Nxe4 13. Nxe4 d5 14. Bg5 f6 15. Bxf6 gxf6 {0-1 (33) Popov,I (2608)-Smirnov,T (2324) Serpukhov 2018}) 9... Qe7 10. Na3 {[%cal Bb1a3,Ba3c2,Bc2e3,Be3d5][%mdl 32] The position is equal.} Nd8 11. Nc2 Ne6 12. Be3 Nh5 {[%cal Bf6h5,Bh5f4,Bf4h3][%mdl 32]} 13. Bxa7 Rxa7 14. Ne3 Nhf4 15. Kh2 g6 16. g3 (16. h4 $11) 16... Nxh3 $1 $15 17. Nd5 Qd8 {Precision: White = 31%, Black = 43%.} 0-1

[Event "XX Sant Marti Open 2018"]
[Site "Sant Marti"]
[Date "2018.07.16"]
[Round "4"]
[White "Guseinov, Gadir"]
[Black "Fernandez Cardoso, Alexey"]
[Result "1-0"]
[WhiteElo "2654"]
[BlackElo "2439"]
[Annotator "TA"]
[PlyCount "67"]
[EventDate "2018.07.13"]
[EventType "swiss"]
[EventCountry "ESP"]
[SourceTitle "playchess.com"]
[Source "ChessBase"]
[SourceQuality "1"]

{[%evp 17,67,53,59,65,68,58,41,54,69,59,48,50,58,0,105,103,100,83,72,-29,0,-41,142,135,148,143,138,147,141,139,106,92,65,50,48,30,80,75,66,87,567,513,583,554,540,547,437,508,867,867,867,842]} 1. e4 c5 2. Nf3 e6 3. Nc3 a6 4. d4 cxd4 5. Nxd4 b5 6. Bd3 Qb6 7. Nf3 Qc7 8. O-O Bb7 {B43: Sicilian: Kan Variation: 5 Nc3} 9. Re1 Nc6 {LiveBook: 9 Games} (9... Be7 10. Qd2 Nf6 11. Qg5 Kf8 12. Bf4 Qd8 13. e5 Nd5 14. Qg3 Nxf4 15. Qxf4 Bxf3 16. Qxf3 {½-½ (29) Grischuk,A (2772)-Khismatullin,D (2632) Riadh 2017}) 10. a4 b4 {White is slightly better.} 11. Nd5 $146 {[%cal Rd5c7]} ({Predecessor:} 11. Nb1 Nf6 12. e5 Ng4 13. Bf4 Bc5 14. Bg3 Qb6 15. Qe2 f5 16. h3 {½-½ (36) Cannesar,R (1979)-Aytekin,M (2201) Konya 2017}) 11... exd5 12. exd5+ Nce7 13. c4 bxc3 14. Bc2 {aiming for d6.} Rc8 {Threatens to win with ...cxb2.} 15. Bb3 (15. Rb1 $14) 15... d6 (15... c2 $11 {remains equal.} 16. Qd4 d6) 16. bxc3 $1 $16 {[%cal Bb2c3,Bc3c4][%mdl 32]} g6 17. c4 {[%mdl 1024] White has strong compensation.} Bg7 18. Ra2 ({White should try} 18. Ba3 $1 $16) 18... Kf8 $11 19. Ba3 $1 Qb6 $2 {[#]} (19... Rd8 $1 $15 {stays ahead.}) 20. a5 $1 $16 {[%cal Ra5b6][%mdl 512]} Qd8 {[#]} (20... Qxa5 21. Bxd6) 21. c5 $1 {[%cal Rc5d6][%mdl 512]} Rxc5 (21... dxc5 22. d6) 22. Bxc5 dxc5 23. d6 Nf5 {...Bc3 is the strong threat.} 24. Ba4 Bxf3 25. d7 {Threatening mate with Re8+.} Nge7 26. Qxf3 Bd4 {[#]} 27. g4 $1 $40 {[%cal Rg4f5][%mdl 128] White is out for blood.} Nh4 28. Qg3 g5 $2 {[%mdl 8192]} (28... Bf6 $16 {is more resistant.}) 29. Rae2 $18 {White is clearly winning.} Nhg6 30. Qd6 Kg7 31. Rxe7 Nxe7 32. Rxe7 Bf6 (32... Qb8 $142 33. Qxa6 Bf6) 33. Re8 Qxa5 34. Bd1 {Precision: White = 70%, Black = 43%.} ({And not} 34. Rxh8 Qe1+ 35. Kg2 Qe4+ 36. Kh3 Qf3+ 37. Qg3 Qxg3+ 38. Kxg3 Kxh8 $11) 1-0

[Event "XX Sant Marti Open 2018"]
[Site "Sant Marti"]
[Date "2018.07.16"]
[Round "4"]
[White "Alonso Rosell, Alvar"]
[Black "Vidarte Morales, Arturo"]
[Result "1-0"]
[WhiteElo "2523"]
[BlackElo "2381"]
[Annotator "TA"]
[PlyCount "57"]
[EventDate "2018.07.13"]
[EventType "swiss"]
[EventCountry "ESP"]
[SourceTitle "playchess.com"]
[Source "ChessBase"]
[SourceQuality "1"]

{[%evp 16,57,45,46,62,63,106,93,89,84,114,87,131,131,125,132,133,132,183,180,419,408,379,400,531,530,514,484,515,501,591,597,908,910,896,899,868,870,1081,1071,1062,1039,1176,1158]} 1. Nf3 Nf6 2. c4 g6 3. Nc3 Bg7 4. e4 O-O 5. d4 d6 6. h3 a6 7. Be3 {E90: King's Indian: Classical: Early deviations and 6 h3} Nbd7 8. Be2 c5 9. O-O {LiveBook: 9 Games. White is slightly better.} b6 10. d5 b5 11. cxb5 axb5 12. Bxb5 Ba6 13. Qc2 $146 ({Predecessor:} 13. a4 Ne8 14. Nd2 Nc7 15. Qe2 f5 16. exf5 Rxf5 {1-0 (27) Heimann,A (2588)-Neef,M (2441) Dresden 2016}) 13... Qa5 14. a4 Rfb8 15. Nd2 Bxb5 16. Nxb5 Nb6 (16... Ne8 $16) 17. Nc7 $18 Ra7 $2 {[#]} (17... Nbxd5 {might work better.} 18. Nxd5 (18. Nxa8 Nb4 $16) 18... Nxd5 19. exd5 Rxb2) 18. b4 $1 {[%cal Rb4a5][%mdl 512]} Qxb4 19. Rfb1 Nbxd5 20. Nxd5 {White is clearly winning.} ({Less strong is} 20. Rxb4 Nxb4 21. Qd1 Rxc7 $14) 20... Nxd5 21. Rxb4 Nxb4 22. Rb1 Raa8 23. Qd1 Na2 24. Rxb8+ Rxb8 25. a5 {[%cal Ba4a5,Ba5a6][%mdl 32]} Nc3 26. Qc2 Rb4 27. a6 {Hoping for a7.} Nb5 28. Qa2 Na7 29. Qa5 {Precision: White = 95%, Black = 15%.} 1-0

[Event "XX Sant Marti Open 2018"]
[Site "Sant Marti"]
[Date "2018.07.16"]
[Round "4"]
[White "Munoz, Miguel"]
[Black "Alarcon Casellas, Rolando"]
[Result "1-0"]
[WhiteElo "2500"]
[BlackElo "2389"]
[Annotator "TA"]
[PlyCount "91"]
[EventDate "2018.07.13"]
[EventType "swiss"]
[EventCountry "ESP"]
[SourceTitle "playchess.com"]
[Source "ChessBase"]
[SourceQuality "1"]

{[%evp 21,91,27,62,45,60,43,50,43,55,44,50,25,39,33,41,35,46,4,47,29,55,49,47,43,72,54,46,47,103,107,104,103,89,65,100,95,89,96,95,89,93,90,115,100,104,56,49,33,74,29,432,424,422,314,850,864,833,793,1114,1064,3121,2862,29981,29977,29971,29967,5514,4935,29972,29971,29984,29985]} 1. e4 c5 2. Nf3 e6 3. g3 Nc6 4. Bg2 Nf6 5. Nc3 a6 6. O-O Qc7 7. Re1 d6 8. d4 cxd4 9. Nxd4 Nxd4 10. Qxd4 e5 {B80: Sicilian Scheveningen: 6 g3 and 6 Be3, including English Attack} 11. Qd3 h6 {LiveBook: 6 Games} 12. Be3 Be6 {White is slightly better.} 13. Nd5 Bxd5 $1 14. exd5 Be7 15. c4 O-O 16. Bh3 a5 17. Qb3 Nd7 18. Bf5 Nc5 $146 19. Qb5 (19. Bxc5 $5 dxc5 20. Qd3 $16) 19... Rfd8 20. h4 Bf8 21. h5 b6 22. Kg2 $36 {[%mdl 2048] White has the initiative.} Be7 23. Re2 Bg5 24. f4 Bf6 ({Better is} 24... exf4 $14 25. Bxf4 (25. gxf4 Bf6 $16) 25... Bxf4 26. gxf4 g6 27. hxg6 fxg6 28. Bxg6 Rf8) 25. Qc6 $16 Qb8 26. Rae1 Ra7 27. Bf2 Rc7 28. Qb5 Re7 29. b3 Rde8 30. fxe5 Bxe5 31. a3 {[%cal Ba2a3,Ba3b4,Bb4c5][%mdl 32] And now b4 would win.} g6 32. hxg6 fxg6 33. Bxg6 {[#] Black must now prevent b4.} Rf8 34. b4 axb4 35. axb4 (35. Rxe5 {seems wilder.} dxe5 36. axb4 Rg7 37. bxc5 Rxg6 38. cxb6 e4 39. Qc5) 35... Rg7 $2 {[%mdl 8192]} (35... Nd7 $11 {and Black stays safe.}) 36. bxc5 $18 Rxg6 37. cxd6 Bxg3 $2 (37... Bxd6 38. Re8 Qa7 39. Rxf8+ Bxf8) 38. Bxg3 {[#] Hoping for Re8.} Qxd6 39. Qb3 Qf4 40. Qd3 Rg7 41. Re8 Qf2+ 42. Kh3 Qf7 43. Rxf8+ Qxf8 44. Qe4 Qa3 45. Re3 Qa1 46. Qe6+ {Precision: White = 63%, Black = 36%.} 1-0

[Event "XX Sant Marti Open 2018"]
[Site "Sant Marti"]
[Date "2018.07.16"]
[Round "4"]
[White "Aguero Jimenez, Luis Lazaro"]
[Black "Martinez Alcantara, Jose Eduardo"]
[Result "1/2-1/2"]
[WhiteElo "2473"]
[BlackElo "2545"]
[Annotator "RC"]
[PlyCount "55"]
[EventDate "2018.07.13"]
[EventType "swiss"]
[EventCountry "ESP"]
[SourceTitle "playchess.com"]
[Source "ChessBase"]
[SourceQuality "1"]
[TimeControl "5400+30"]

1. e4 {[%emt 0:00:00]} c5 {[%emt 0:00:00]} 2. Nf3 {[%emt 0:00:00]} d6 {[%emt 0:00:00]} 3. d4 {[%emt 0:00:00]} Nf6 {[%emt 0:00:00]} 4. Nc3 {[%emt 0:00:00]} cxd4 {[%emt 0:00:00]} 5. Nxd4 {[%emt 0:00:00]} a6 {[%emt 0:00:06]} 6. a4 {[%emt 0:00:27]} g6 {[%emt 0:00:05]} 7. Be2 {[%emt 0:00:16]} Bg7 {[%emt 0:00:05]} 8. O-O {[%emt 0:00:05]} Nc6 {[%emt 0:00:14]} 9. Be3 {[%emt 0:00:23]} O-O {[%emt 0:00:51]} 10. Kh1 {[%emt 0:02:50]} Nxd4 {[%emt 0:03:50]} 11. Bxd4 {[%emt 0:00:06]} Be6 {[%emt 0:00:03]} 12. f4 {[%emt 0:02:59]} Rc8 {[%emt 0:00:46]} 13. b3 {[%emt 0:01:29]} Qa5 {[%emt 0:09:47]} 14. f5 {[%emt 0:06:35]} Bd7 {[%emt 0:05:31]} 15. Bxf6 {[%emt 0:22:59]} Bxf6 {[%emt 0:00:54]} 16. Nd5 {[%emt 0:00:09]} Bc6 {[%emt 0:02:25]} 17. Nxf6+ {[%emt 0:00:19]} exf6 {[%emt 0:00:02]} 18. fxg6 {[%emt 0:27:22]} hxg6 {[%emt 0:00:12]} 19. Qxd6 {[%emt 0:00:15]} Bxe4 {[%emt 0:01:40]} 20. Qxf6 {[%emt 0:00:06]} Rxc2 {[%emt 0:02:09]} 21. Bf3 {[%emt 0:00:10]} Bxf3 {[%emt 0:06:06]} 22. Rxf3 {[%emt 0:00:50]} Qd2 {[%emt 0:00:31]} 23. Rg1 {[%emt 0:00:29]} Rc1 {[%emt 0:00:36]} 24. Rxc1 {[%emt 0:00:19]} Qxc1+ {[%emt 0:00:07]} 25. Rf1 {[%emt 0:00:00]} Qe3 {[%emt 0:01:45]} 26. Rf3 {[%emt 0:03:10]} Qe1+ {[%emt 0:00:14]} 27. Rf1 {[%emt 0:00:01]} Qe3 {[%emt 0:00:10]} 28. Rf3 {[%emt 0:00:04]} 1/2-1/2

[Event "XX Sant Marti Open 2018"]
[Site "Sant Marti"]
[Date "2018.07.16"]
[Round "4"]
[White "Miciano, John Marvin"]
[Black "Abhishek, Das"]
[Result "1-0"]
[WhiteElo "2411"]
[BlackElo "2325"]
[Annotator "TA"]
[PlyCount "83"]
[EventDate "2018.07.13"]
[EventType "swiss"]
[EventCountry "ESP"]
[SourceTitle "playchess.com"]
[Source "ChessBase"]
[SourceQuality "1"]

{[%evp 27,83,18,24,22,18,14,37,32,18,14,28,23,26,30,24,12,21,8,36,15,31,6,22,19,21,25,18,29,34,41,34,29,45,49,40,11,48,33,85,76,119,110,203,187,208,191,202,195,171,80,425,435,415,394,898,898,1141,1141]} 1. e4 c5 2. Nf3 Nc6 3. c3 d5 4. exd5 Qxd5 5. d4 e6 6. Na3 Nf6 7. Nb5 Qd8 8. dxc5 Bxc5 9. Qxd8+ Kxd8 10. Bf4 Nd5 11. Bg3 {B22: Sicilian: 2 c3} Ke7 12. O-O-O (12. Bc4 a6 13. Nbd4 Nxd4 14. Nxd4 Bxd4 15. cxd4 Bd7 16. Bxd5 exd5 17. Kd2 Rac8 18. Rac1 Rxc1 19. Rxc1 {½-½ (30) Ni,H (2637)-Nguyen,N (2662) Ho Chi Minh City 2012}) 12... a6 13. Nbd4 Nxd4 14. Nxd4 Rd8 {LiveBook: 15 Games} 15. Nb3 Bd6 16. Be2 $146 ({Predecessor:} 16. c4 Nb4 17. a3 Nc6 18. Bxd6+ Rxd6 19. Rxd6 Kxd6 {1-0 (51) Revesz,Z (2245)-Arakhamia Grant,K (2437) Gibraltar 2007}) 16... Bf4+ 17. Bxf4 Nxf4 18. Bf3 Nd3+ 19. Kc2 Ne5 20. Rxd8 Kxd8 21. Rd1+ Kc7 22. Be2 Ng6 23. g3 e5 24. Bc4 Bg4 {Hoping for ...b5.} 25. Rd2 f6 26. Nc5 Re8 27. b4 Nf8 28. Bd5 Bc8 29. a4 {[%cal Ba2a4,Ba4a5][%mdl 32]} Ne6 30. Bxe6 Bxe6 $14 {[%mdl 4096] Endgame KRB-KRN} 31. c4 {[%cal Bc3c4,Bc4b5,Bb5b6][%mdl 32]} Bc8 (31... a5 $5) 32. Kc3 f5 ({Better is} 32... b6 $14 33. Nb3 Rd8) 33. a5 $16 g5 34. Rd5 $1 Re7 {[#]} (34... e4 $16) 35. b5 $1 $18 axb5 36. cxb5 b6 37. axb6+ Kxb6 {[#]} 38. Kb4 (38. Na4+ $1 $18 Kc7 39. b6+ Kc6 40. Rc5+ Kb7 41. Nb2) 38... e4 $2 {[%mdl 8192]} (38... Kc7 $16 {is a better chance.}) 39. Rd6+ Kc7 40. Rf6 h5 $2 (40... Kd8 41. Rf8+ Re8 42. Rxe8+ Kxe8) 41. b6+ Kb8 42. Rf8 {Precision: White = 57%, Black = 24%.} 1-0

[Event "XX Sant Marti Open 2018"]
[Site "Sant Marti"]
[Date "2018.07.16"]
[Round "4"]
[White "Neelash Saha"]
[Black "Oliva Castaneda, Kevel"]
[Result "1/2-1/2"]
[WhiteElo "2319"]
[BlackElo "2491"]
[Annotator "ChessBase"]
[PlyCount "30"]
[EventDate "2018.07.13"]
[EventType "swiss"]
[EventCountry "ESP"]
[SourceTitle "playchess.com"]
[Source "ChessBase"]
[SourceQuality "1"]
[TimeControl "5400+30"]

1. d4 {[%emt 0:00:00]} Nf6 {[%emt 0:00:00]} 2. Bg5 {[%emt 0:00:00]} Ne4 {[%emt 0:01:13]} 3. Bf4 {[%emt 0:00:00]} d5 {[%emt 0:00:27]} 4. e3 {[%emt 0:00:00]} c5 {[%emt 0:00:35]} 5. Bd3 {[%emt 0:00:00]} Nf6 {[%emt 0:00:07]} 6. c3 {[%emt 0:00:04]} g6 {[%emt 0:01:53]} 7. Nd2 {[%emt 0:05:51]} Bg7 {[%emt 0:00:31]} 8. h3 {[%emt 0:00:06]} O-O {[%emt 0:00:21]} 9. Ngf3 {[%emt 0:00:13]} Nc6 {[%emt 0:00:53]} 10. O-O {[%emt 0:00:08]} Nd7 {[%emt 0:00:24]} 11. Bb5 {[%emt 0:02:01]} Qb6 {[%emt 0:02:35]} 12. Qa4 {[%emt 0:00:25]} a6 {[%emt 0:00:49]} 13. Bxc6 {[%emt 0:00:45]} bxc6 {[%emt 0:00:11]} 14. b4 {[%emt 0:00:39]} c4 {[%emt 0:03:37]} 15. e4 {[%emt 0:01:23]} Re8 {[%emt 0:06:41]} 1/2-1/2

[Event "XX Sant Marti Open 2018"]
[Site "Sant Marti"]
[Date "2018.07.16"]
[Round "4"]
[White "Cruz, Filemon"]
[Black "Cuartas, Jaime Alexander"]
[Result "0-1"]
[WhiteElo "2314"]
[BlackElo "2508"]
[Annotator "ChessBase"]
[PlyCount "105"]
[EventDate "2018.07.13"]
[EventType "swiss"]
[EventCountry "ESP"]
[SourceTitle "playchess.com"]
[Source "ChessBase"]
[SourceQuality "1"]
[TimeControl "5400+30"]

1. Nf3 {[%emt 0:00:00]} d5 {[%emt 0:00:00]} 2. c4 {[%emt 0:00:00]} c6 {[%emt 0:00:05]} 3. e3 {[%emt 0:00:23]} Nf6 {[%emt 0:00:26]} 4. d4 {[%emt 0:00:15]} Bg4 {[%emt 0:01:05]} 5. Qb3 {[%emt 0:00:14]} Qb6 {[%emt 0:00:12]} 6. Ne5 {[%emt 0:00:37]} e6 {[%emt 0:00:46]} 7. Nxg4 {[%emt 0:00:45]} Nxg4 {[%emt 0:00:05]} 8. Be2 {[%emt 0:00:18]} Nf6 {[%emt 0:00:06]} 9. Nc3 {[%emt 0:00:16]} Nbd7 {[%emt 0:01:48]} 10. Bd2 {[%emt 0:01:03]} Be7 {[%emt 0:00:26]} 11. Qc2 {[%emt 0:02:16]} O-O {[%emt 0:01:43]} 12. cxd5 {[%emt 0:00:25]} exd5 {[%emt 0:01:01]} 13. O-O {[%emt 0:00:55]} Rfe8 {[%emt 0:00:23]} 14. b4 {[%emt 0:05:51]} a6 {[%emt 0:00:33]} 15. Na4 {[%emt 0:00:20]} Qc7 {[%emt 0:00:14]} 16. Nc5 {[%emt 0:00:25]} Bd6 {[%emt 0:00:13]} 17. g3 {[%emt 0:01:52]} Ne4 {[%emt 0:00:11]} 18. Nxe4 {[%emt 0:01:41]} dxe4 {[%emt 0:00:13]} 19. a4 {[%emt 0:01:22]} Nf6 {[%emt 0:05:05]} 20. b5 {[%emt 0:02:05]} axb5 {[%emt 0:00:10]} 21. axb5 {[%emt 0:00:05]} c5 {[%emt 0:00:13]} 22. dxc5 {[%emt 0:01:36]} Qxc5 {[%emt 0:00:31]} 23. Qb3 {[%emt 0:08:22]} Qf5 {[%emt 0:03:26]} 24. Bc3 {[%emt 0:03:31]} Be5 {[%emt 0:07:26]} 25. Rfd1 {[%emt 0:07:26]} Rxa1 {[%emt 0:10:17]} 26. Rxa1 {[%emt 0:03:33]} h5 {[%emt 0:04:46]} 27. Bxe5 {[%emt 0:13:33]} Qxe5 {[%emt 0:04:08]} 28. Ra7 {[%emt 0:03:43]} Re7 {[%emt 0:00:11]} 29. b6 {[%emt 0:05:00]} Kh7 {[%emt 0:06:32]} 30. Qb4 {[%emt 0:03:58]} Rd7 {[%emt 0:02:26]} 31. Ra5 {[%emt 0:03:12]} Qd6 {[%emt 0:04:20]} 32. Qxd6 {[%emt 0:07:10]} Rxd6 {[%emt 0:00:05]} 33. Bxh5 {[%emt 0:00:08]} g6 {[%emt 0:00:04]} 34. Be2 {[%emt 0:00:12]} Rxb6 {[%emt 0:00:04]} 35. g4 {[%emt 0:01:05]} Rb2 {[%emt 0:07:14]} 36. Kf1 {[%emt 0:02:05]} Ne8 {[%emt 0:06:06]} 37. Rd5 {[%emt 0:00:42]} Rb6 {[%emt 0:00:43]} 38. Rd7 {[%emt 0:01:01]} Nd6 {[%emt 0:00:27]} 39. g5 {[%emt 0:01:21]} Kg7 {[%emt 0:00:17]} 40. Rd8 {[%emt 0:02:55]} Nf5 {[%emt 0:00:32]} 41. Bg4 {[%emt 0:01:04]} Nh4 {[%emt 0:01:12]} 42. Re8 {[%emt 0:01:06]} Nf3 {[%emt 0:00:56]} 43. h4 {[%emt 0:03:01]} Nh2+ {[%emt 0:03:08]} 44. Kg2 {[%emt 0:00:07]} Nxg4 {[%emt 0:00:05]} 45. Rxe4 {[%emt 0:00:07]} f5 {[%emt 0:00:15]} 46. Re7+ {[%emt 0:00:32]} Kf8 {[%emt 0:00:05]} 47. Rc7 {[%emt 0:00:25]} Rb2 {[%emt 0:00:19]} 48. Kg3 {[%emt 0:00:22]} Nxf2 {[%emt 0:00:26]} 49. h5 {[%emt 0:00:17]} Ne4+ {[%emt 0:01:00]} 50. Kf4 {[%emt 0:00:06]} Rf2+ {[%emt 0:00:12]} 51. Ke5 {[%emt 0:00:13]} gxh5 {[%emt 0:00:11]} 52. g6 {[%emt 0:00:22]} b5 {[%emt 0:00:42]} 53. Kd4 0-1